Statistics for Name in Capital City Names

Click here to take the quiz!

General Stats

  • This quiz has been taken 87 times
  • The average score is 9 of 18

Answer Stats

NameCapital% Correct
JoséSan José
96%
GeorgeGeorgetown, St.George's
92%
NicoNicosia
77%
LouisPort Louis
72%
KentTashkent
72%
RoseRoseau
60%
MonaMonaco
58%
DonLondon
57%
SaraSarajevo
53%
PiaApia
49%
ElmoBelmopan
45%
AvaBratislava, Havana
40%
StanAstana
34%
AsaKinshasa
32%
EllaAndorra la Vella
30%
ToriPretoria
28%
TomSão Tomé
26%
EvaYerevan
19%

Score Distribution

Percentile by Number Answered

Percent of People with Each Score

Your Score History

You have not taken this quiz